Facultad de las municipalidades como personas jurídicas para reclamar en juicio sus bienes (Record no. 54612)

MARC details
000 -LEADER
campo de control de longitud fija 00739nam a2200181 i 4500
001 - NÚMERO DE CONTROL
campo de control 54612
003 - IDENTIFICADOR DE NÚMERO DE CONTROL
campo de control ES-MaACL
005 - FECHA Y HORA DE LA ÚLTIMA TRANSACCIÓN
campo de control 20230906163001.0
007 - CAMPO FIJO DE DESCRIPCIÓN FÍSICA--INFORMACIÓN GENERAL
campo de control de longitud fija t|
008 - DATOS DE LONGITUD FIJA--INFORMACIÓN GENERAL
campo de control de longitud fija 960729s1880 ag ||||1| spa d
040 ## - FUENTE DE CATALOGACIÓN
Centro catalogador/agencia de origen CAM
Lengua de catalogación spa
Centro/agencia transcriptor CAM
100 1# - ENTRADA PRINCIPAL--NOMBRE DE PERSONA
Nombre de persona Fuente Ruiz, Francisco de la.
9 (RLIN) 52876
245 10 - MENCIÓN DEL TÍTULO
Título Facultad de las municipalidades como personas jurídicas para reclamar en juicio sus bienes
Resto del título : defensa de la municipalidad de Moron /
Mención de responsabilidad, etc. por el doctor Francisco de la Fuente Ruiz, en demanda contra el Poder Ejecutivo.
260 ## - PUBLICACIÓN, DISTRIBUCIÓN, ETC.
Lugar de publicación, distribución, etc. Buenos Aires :
Nombre del editor, distribuidor, etc. [s.n.],
Fecha de publicación, distribución, etc. 1880 (
Fabricante Imprenta de La Ondina)
300 ## - DESCRIPCIÓN FÍSICA
Extensión 16 p. ;
Dimensiones 27 cm.
651 #4 - PUNTO DE ACCESO ADICIONAL DE MATERIA--NOMBRE GEOGRÁFICO
Nombre geográfico Morón (Argentina)-
Subdivisión general Administración.
9 (RLIN) 166970
852 ## - LOCALIZACIÓN
Ubicación ES-MaACL
Número de control de estantería T-505-F-1
Nota libre .- Ded. ms. del autor
Holdings
Estatus retirado Estado de pérdida Estado de daño No para préstamo Colección Biblioteca de origen Biblioteca actual Ubicación en estantería Fecha de adquisición Fuente de adquisición Total de préstamos Signatura topográfica completa Código de barras Visto por última vez Precio de reemplazo Tipo de ítem Koha
        Colección de folletos Biblioteca del Ateneo de Madrid Biblioteca del Ateneo de Madrid Depósito folletos 17/01/2008     T-505-F-1 1057384 23/02/2023 23/02/2023 Folleto